Представление документа в формате MARC21

Поле Инд. ПП Название Значение
Тип записи a
Библиографический уровень b
001 Контрольный номер RU/IS/BASE/257254854
005 Дата корректировки 20200630193220.7
008 Кодируемые данные 20080225
040 b Код языка каталог. rus
e Правила каталог. PSBO
041 0_ a Код языка текста rus
084 a Индекс другой классификации/Индекс ББК 81.055
100 1_ a Автор Всеволодова М. В.
245 10 a Заглавие О ключевых проблемах категоризации текста
504 a Библиография Библиогр.: с. 29 - 31
650 04 a Основная рубрика лингвистика текста
a Основная рубрика филологические науки; общее языкознание; структура языка
a Основная рубрика языкознание
653 1_ a Ключевые слова авторизация
a Ключевые слова дискурс
a Ключевые слова информация
a Ключевые слова категоризация текстов
a Ключевые слова коммуникативная значимость текста
a Ключевые слова модус текста
a Ключевые слова письменный текст
a Ключевые слова регистры текстов
a Ключевые слова речь
a Ключевые слова смысловое единство текста
a Ключевые слова типы текстов
a Ключевые слова устный текст
773 0_ t Заглавие источника Вестник Московского университета. Серия 9, Филология
d Дата издания источника 2007
g Прочая информация № 2. - С. 7 - 31 : табл.
w Контрольный № источника RU/IS/BASE/236181942
901 t Тип документа b